|
|
|
|
| LEADER |
00000ny a22000003n 4500 |
| 005 |
20110524150657.0 |
| 008 |
040715s2004 sp l o001 0 spa c |
| 017 |
|
|
|a D.L.M.19944-2004
|
| 020 |
|
|
|a 9788434015135
|
| 024 |
8 |
|
|a NIPO:007-04-037-3
|
| 035 |
|
|
|a 1773
|
| 040 |
|
|
|a SpMaUCCP
|d vLex
|
| 080 |
|
|
|a 347.633(460)
|
| 080 |
|
|
|a 364.65(460)
|
| 090 |
|
|
|c 239
|d 239
|
| 100 |
1 |
|
|a Gonzl̀ez Pillado, Esther
|
| 245 |
1 |
0 |
|a Acogimiento y adopcin̤
|h [Recurso electrn̤ico]
|c Esther Gonzl̀ez Pillado, Pablo Grande Seara
|
| 256 |
|
|
|a Servicio en ln̕ea
|
| 260 |
|
|
|a Madrid :
|b Boletn̕ Oficial del Estado,
|c 2004
|
| 300 |
|
|
|a 130 p.
|c ; 20 cm
|
| 506 |
1 |
|
|a Contenido solo disponible en los productos indicados
|d vLex Global
|d vLex Global (Academic Edition, excluding Law Schools)
|d vLex Global (U.S. Academic Edition, Law Schools)
|d vLex Global (U.S. Academic Edition, excluding Law Schools)
|d vLex Global (Academic Edition, Law Schools)
|
| 650 |
0 |
7 |
|a Familia
|2 Tesauro vLex
|
| 650 |
0 |
7 |
|a Adopcin̤
|2 Tesauro vLex
|
| 650 |
0 |
7 |
|a Acogimiento
|2 Tesauro vLex
|
| 700 |
1 |
|
|a Grande Seara, Pablo
|
| 740 |
0 |
|
|a vLex Libros (Servicios en ln̕ea)
|
| 856 |
4 |
0 |
|u http://vlex.com/source/1773
|z Acceso restringido
|
| 942 |
|
|
|c BOOK
|
| 999 |
0 |
|
|a Adoption
|b Spain
|